|
|
|
|
| LEADER |
00979nam a2200277 a 4500 |
| 001 |
831631 |
| 008 |
100112s1978 mau b 001 0 eng d |
| 010 |
|
|
|a 77017795
|
| 020 |
|
|
|a 0205060137
|
| 040 |
|
|
|a DLC
|c DLC
|d DLC
|d BD-DhAAL
|
| 082 |
0 |
0 |
|a 301.41/7973
|2 17
|
| 100 |
1 |
|
|a Petras, John W.
|
| 245 |
1 |
4 |
|a The social meaning of human sexuality /
|c John W. Petras.
|
| 250 |
|
|
|a 2d ed.
|
| 260 |
|
|
|a Boston :
|b Allyn and bacon,
|c c1978.
|
| 300 |
|
|
|a xiii, 234 p. ;
|c 22 cm.
|
| 500 |
|
|
|a Published in 1973 under title: Sexuality in society.
|
| 504 |
|
|
|a Includes bibliographies and index.
|
| 541 |
1 |
|
|e 00009687
|
| 650 |
|
0 |
|a Sex customs
|z United States.
|
| 650 |
|
0 |
|a Sexual ethics.
|
| 650 |
|
0 |
|a Femininity.
|
| 650 |
|
0 |
|a Masculinity.
|
| 852 |
4 |
|
|a Ayesha Abed Library
|j General shelf
|
| 999 |
|
|
|c 6939
|d 6939
|
| 952 |
|
|
|0 0
|1 0
|2 ddc
|4 0
|6 301_417973000000000_PET_1978
|7 0
|9 7172
|a BRACUL
|b BRACUL
|c GEN
|d 2010-01-13
|l 2
|m 11
|o 301.417973 PET
|p 3010009687
|r 2024-02-06
|s 2024-01-31
|t 1
|w 2010-01-13
|y BK
|